| 000 | 00412nam a2200157 i 4500 | ||
|---|---|---|---|
| 001 | 84588 | ||
| 003 | ES-MaACL | ||
| 005 | 20230906175037.0 | ||
| 007 | t| | ||
| 008 | 041123s1923 fr ||||1| fre d | ||
| 100 | 1 |
_aJanet, Pierre. _966019 |
|
| 245 | 1 | 3 |
_aLa médicine psychologique / _cPierre Janet. |
| 260 |
_aParis : _b[s.n.], _c1923 ( _fHemmerlé) |
||
| 300 |
_a288 p. ; _c18 cm. |
||
| 852 |
_aES-MaACL _jF-6435 |
||
| 999 |
_c84588 _d84588 |
||